| 000 | 00679nam a2200253Ia 4500 | ||
|---|---|---|---|
| 003 | OSt | ||
| 005 | 20220924152306.0 | ||
| 006 | a|||||r|||| 00| 0 | ||
| 007 | ta | ||
| 008 | 220923b |||||||| |||| 00| 0 ara d | ||
| 020 | _a9960660567 (hbk) | ||
| 024 | _a341823 | ||
| 037 | _cTextual | ||
| 040 |
_aARTS _cARTS _bara |
||
| 041 |
_2ara _aara |
||
| 082 | _aQ7wNW, 28N9 | ||
| 100 |
_aAbutami Shaikh Ahmad Bin Hijr Au. _9226325 |
||
| 245 | 0 | _aAl-Shaikh Mohammad Bin Abdullah Wahab | |
| 260 | _c1999 | ||
| 300 |
_a165p. _ccm. |
||
| 650 |
_aISLAM _9577 |
||
| 942 |
_hQ7wNW, 28N9 _cTEXL _2CC |
||
| 999 |
_c469364 _d469364 |
||